Losowe słówka po angielsku - Statystyki

Ogólne statystyki
  • Ten quiz został rozwiązany 107 razy
  • Średni wynik to 9 z 25
Statystyki odpowiedzi
Hint Odpowiedź % Poprawnych
pusty empty
72%
pewny siebie confident
66%
właściciel owner
61%
powiedzieć tell
59%
rada advice
55%
umiejętność skill
55%
za granicą abroad
51%
odpoczynek rest
49%
zachowanie behaviour
46%
uwaga attention
45%
żałować regret
41%
niestety unfortunately
41%
śmieci rubbish
39%
rozrywka entertainment
34%
wystawa exhibition
32%
winić blame
30%
rozwiązywać solve
29%
zabroniony forbidden
26%
odwaga courage
25%
możliwość opportunity
20%
trasa route
14%
konkurent competitor
12%
zaangażowany engaged
12%
kilka several
11%
szczegółowo in detail
8%
Nie znaleziono quizów pasujących do podanych kryteriów
Rozkład punktacji
Procent ludzi z każdym wynikiem
Percentyl według liczby udzielonych odpowiedzi
Twoja historia wyników
Nie rozwiązałeś tego quizu